000 00495nam a2200181Ia 4500
001 20813
005 20260306172833.0
008 260306t2024||||xx |||||||||||||| ||spa||
041 _aESP
082 _a343.8
_bCH534
100 _aChávez Hurtado, Joaquín,
_eAUT
245 0 _aEvasión y elusión tributaria :
_bmanual para una planificación fiscal sin contingencias
260 _c2024
300 _a190 páginas :
_c24 cm.
650 _aGEN
654 _aCDE
942 _cLIB
_dJUS
_fJUS
_2ddc
_n
999 _c20813
_d20813